Literary Characters: Family Roles Quiz Stats

Quiz Updated Jan 21, 2018

Challenge
Share
Tweet
Embed
Score 0/20 Timer 05:00
0 Plays Today
Question Answer Wrong Answers
Atticus Finch
To Kill a Mockingbird
Father
91.4%
Mother
0.3%
Son
3.8%
Daughter
0.7%
Bob Cratchit
A Christmas Carol
Father
90.3%
Mother
0.3%
Son
5.1%
Daughter
0.1%
Carrie White
Carrie
Daughter
88%
Father
0.6%
Mother
6.6%
Son
0.6%
Beth March
Little Women
Daughter
87.1%
Father
0.5%
Mother
8%
Son
0.3%
Danny
Danny the Champion of the World
Son
86.6%
Father
7.3%
Mother
0.6%
Daughter
0.7%
Molly Weasley
Harry Potter series
Mother
79.8%
Father
0.4%
Son
0.2%
Daughter
15.6%
Roo
Winnie-the-Pooh series
Son
76.2%
Father
2.4%
Mother
7.9%
Daughter
9.6%
Tyrion Lannister
A Song of Ice and Fire series
Son
69.4%
Father
22.5%
Mother
1.7%
Daughter
1.9%
Lydia Bennet
Pride and Prejudice
Daughter
69.2%
Father
0.5%
Mother
25.6%
Son
0.4%
Hester Prynne
The Scarlet Letter
Mother
67.9%
Father
6.4%
Son
2.4%
Daughter
18.8%
Dolores ('Lo')
Lolita
Daughter
66.8%
Father
0.7%
Mother
27.6%
Son
0.5%
Regan
King Lear
Daughter
63.2%
Father
14.2%
Mother
3.7%
Son
14.3%
Caleb Trask
East of Eden
Son
61.3%
Father
31.2%
Mother
1.3%
Daughter
0.9%
Chingachgook
The Last of the Mohicans
Father
54.6%
Mother
5.3%
Son
31.5%
Daughter
3.6%
Fantine
Les Misérables
Mother
54%
Father
2.9%
Son
2%
Daughter
37%
Biff Loman
Death of a Salesman
Son
46.8%
Father
47.5%
Mother
0.7%
Daughter
0.4%
Amanda Wingfield
The Glass Menagerie
Mother
46.4%
Father
1%
Son
0.7%
Daughter
46.7%
Fyodor Karamazov
The Brothers Karamazov
Father
44.4%
Mother
0.6%
Son
50.2%
Daughter
0.4%
Tateh
Ragtime
Father
30%
Mother
27.4%
Son
16.8%
Daughter
20.2%
Sethe
Beloved
Mother
28.1%
Father
18.2%
Son
27.6%
Daughter
20.5%

You're not logged in!

Compare scores with friends on all Sporcle quizzes.
Sign Up with Email
OR
Log In

You Might Also Like...

Show Comments

Extras

Top Quizzes Today


Score Distribution

Your Account Isn't Verified!

In order to create a playlist on Sporcle, you need to verify the email address you used during registration. Go to your Sporcle Settings to finish the process.

Report this User

Report this user for behavior that violates our Community Guidelines.

Details: